| 000 | 00821nam a2200301 a 4500 | ||
|---|---|---|---|
| 001 | 000112156 | ||
| 003 | CHAP | ||
| 005 | 20260413141640.0 | ||
| 008 | 151209s2014 it a |r| |||||||spa d | ||
| 010 | _a108617 | ||
| 011 | _a109589 | ||
| 040 | _cCHAP | ||
| 090 | _aFolleto 1564 | ||
| 245 | 1 | 0 |
_aEstrategia y visión de la labor de la FAO en materia de nutrición / _cpor FAO. |
| 260 |
_aRoma : _bFAO, _c2014. |
||
| 300 |
_av, 13 p. : _bil. |
||
| 590 |
_aE11695DGD _b10 _c20160118 |
||
| 590 |
_aE5995AHE _b05 _c20151209 |
||
| 590 |
_aE5995AHE _b05 _c20151209 |
||
| 650 | 1 | 4 |
_aHambre. _952413 |
| 650 | 1 | 4 |
_aNutrición. _982246 |
| 650 | 1 | 4 |
_aPoblación rural. _989447 |
| 650 | 1 | 4 |
_aPolítica agrícola. _990283 |
| 650 | 1 | 4 |
_aAgricultura sustentable _92010 |
| 901 | _aBK | ||
| 942 |
_cFOLL _2ddc |
||
| 942 |
_n0 _2ddc |
||
| 999 |
_c108617 _d108617 |
||